00650nam a2200217 a 450000100100000000500170001000800410002702000150006804000250008308200250010810000200013324500490015325000110020226000380021330000210025149000260027250000570029865000240035565000270037983000260040600001020320240412074216.0091005s2000 dr r 000 p spa d a9993401161 aDO-SdBNPbspacBNPHU aRD861.44bJ61a, 20001 aJiménez, Blas10aAquí ... otro español /cBlas Jiménez. a2a ed. aSanto Domingo :bManatí,c2000. a114 p. ;c21 cm.1 aLiteratura Caribeña aIncluye datos biográficos del autor en las solapas 0aPoesía dominicana 0aLiteratura dominicana. 0aLiteratura Caribeña